Estatísticas para Cidades Europeias pela pista em seu próprio idioma

Clique aqui para jogar o quiz

Estatísticas Gerais

  • Esse quiz foi jogado 75 vezes
  • A pontuação média é 5 de 15

Estatísticas das Respostas

descriçãocidade% Correto
Esta é a capital do país e a cidade mais populosa do paísLisboa
97%
Thàinig a h-ainm Beurla bhon ainm Gaeilgeair an seòlaid "Dubh Linn"Dublin
67%
Das weltberühmte Oktoberfest macht diese Stadt zu einem Anziehungspunkt für den internationalen TourismusMunique
56%
With a population of 2.8 million, it contains ten metropolitan boroughs including Bolton, Bury, and TraffordManchester
44%
Ingólfur Arnarson settist á Ísland árið 870 og nefndi þessa borgReykjavík
42%
Intra moenia urbis Romae (et ita inclave ab Italia circumdatum)Vaticano
35%
Bu adlar tarihsel sırayla, Byzantion, Augusta Antonina, Nova Roma, Konstantinopolis, ve KostantiniyyeIstambul
33%
Tämä on Suomen kulttuurillinen, hallinnollinen, poliittinen ja liikekeskus sekä maan suurin työnantajaHelsínquia
29%
De hoofdstad van de provincie Zuid-Holland en de op twee na grootste gemeente van NederlandA Haia
23%
W mieście działają placówki kulturalne o znaczeniu i statusie narodowym, m.in. Narodowy Stary TeatrCracóvia
15%
Този град е столицата и най-големият град в БългарияSófia
12%
Senamiestis yra vienas didžiausių Rytų Europoje ir 1994 m. Įtrauktas į UNESCO Pasaulio paveldo sąrašąVilnius
12%
Nær Nygårdsgaten ligger St. Jakobs kirke fra 1921, Griegallen fra 1978 og Edvard Griegs plassBergen
5%
(In the picture) Principale centro urbano cantonale e della Svizzera italiana con 151 522 abitantiLugano
5%
De nouveaux avions parfois révolutionnaires ont été conçus ici; comme le Concorde ou l’Airbus A380Toulouse
5%

Distribuição das Pontuações

Percentil de Números Respondidos

Porcentagem de Pessoas com Cada Pontuação

Sua Pontuação Histórica

Você não jogou esse quiz